00286 a2200097 4500001001000000005001700010008004100027245004900068100001900117773005200136ART_3080520260410161705.0260409a 10aGastos deducibles vs. deducciones personales1 aOklander, Juan0 tRevista Impuestosg- NÂș 13 (jul. 2008)wREV639